00259 a2200109 4500001000700000020000600007040001100013100001900024240005100043245004600094362000900140174819 a  cMagnum aMacario, Pedro10aA revolta da natureza conta o rei do fogolpor10aA revolta da natureza conta o rei do fogo0 a1899